KOHA-Header-6

Principles of Management (text and Cases) (Record no. 585)

000 -LEADER
fixed length control field 00367nam a2200121Ia 4500
008 - FIXED-LENGTH DATA ELEMENTS--GENERAL INFORMATION
fixed length control field 190722s9999 xx 000 0 und d
020 ## - INTERNATIONAL STANDARD BOOK NUMBER
International Standard Book Number 978-81-317-5421-4
100 ## - MAIN ENTRY--PERSONAL NAME
Personal name Dipak Kumar Bhattacharyya
245 #0 - TITLE STATEMENT
Title Principles of Management (text and Cases)
260 ## - PUBLICATION, DISTRIBUTION, ETC. (IMPRINT)
Place of publication, distribution, etc New Delhi
Name of publisher, distributor, etc Dorling Kindersley Pvt. Ltd. Publishing Pearson Ed. Ltd.
Date of publication, distribution, etc 2012
300 ## - PHYSICAL DESCRIPTION
Extent 462
942 ## - ADDED ENTRY ELEMENTS (KOHA)
Koha item type Books
Holdings
Withdrawn status Lost status Source of classification or shelving scheme Damaged status Not for loan Collection code Permanent Location Current Location Shelving location Date acquired Total Checkouts Full call number Barcode Date last seen Date checked out Price effective from Koha item type
          Management MAJU MAJU   2019-07-22 2 658.4 7211 2020-09-10 2020-02-11 2019-07-22 Management

Powered by Koha